Gesammelte Schriften

Saved in:
Bibliografiske detaljer
Hovedforfatter: Dilthey, Wilhelm (Author)
Format: Bog
Sprog:tysk
Udgivet: Gotinga Vandenhoeck & Ruprecht 1966
Fag:
Tags: Tilføj Tag
Ingen Tags, Vær først til at tagge denne postø!

MARC

LEADER 00000nam a2200000 a 4500
001 UCZ5118
003 CL-VaPUC
008 951117e19660000GW |||||||||||||||||ger|d
082 0 4 |a 147.3  |b DIL  |2 21 
100 0 |a Dilthey, Wilhelm  |e author  |9 335712 
245 1 0 |a Gesammelte Schriften 
300 |a v 
942 |c BK 
945 |d 19951117 00:00:00  |a cmena 
260 |a Gotinga  |b Vandenhoeck & Ruprecht  |c 1966 
650 0 |a Vitalismo  |9 311571 
650 0 |a Filosofía del espíritu  |9 320175 
650 7 |a PANTEISMO  |2 CL-VaPUC  |9 338863 
650 0 |a Filosofía alemana   |9 265002 
650 0 |a Teología   |9 258766 
650 0 |a Estética   |9 264950 
650 0 |a Filosofía de la naturaleza  |9 265899 
650 0 |a Hermenéutica  |9 269473 
583 |a last modification  |c 19951117 00:00:00  |k Rodrigo Vera 
999 |c 241443  |d 241441 
952 |0 0  |1 0  |4 0  |6 147_300000000000000_DIL_1966  |7 0  |8 P  |9 253770  |a BIBEDU  |b BIBEDU  |d 2019-11-19  |h v.14 p.2  |i 157423K  |o 147.3 DIL 1966  |p 157423K  |r 2025-01-22  |w 2019-11-19  |y BK  |k FIL 
952 |0 0  |1 0  |4 0  |6 147_300000000000000_DIL_1966  |7 0  |8 P  |9 253771  |a BIBEDU  |b BIBEDU  |d 2019-11-19  |h v.14 p.1  |i 1574434  |o 147.3 DIL 1966  |p 1574434  |r 2025-01-22  |w 2019-11-19  |y BK  |k FIL